000 00306nam a22001337a 4500
008 170830b xxu||||| |||| 00| 0 eng d
020 _a9781412967709
041 _aeng
080 _24 ED
_a070
100 _a39
101 _aMED
245 _aINTERCULTURAL COMMUNICATION
_cNEULIEP.J.W
942 _2udc
_cBK
999 _c25577
_d25577